01572nam a2200301 i 4500001001000000003000900010005001700019007000300036008004100039040003000080082001400110100005200124245008500176246009800261264004500359300002500404336002700429337003300456338002800489500007400517590002700591910001400618942001300632952012800645952024100773952023901014999001701253000028578DO-SdBNP20240927112549.0ta110411s1995 dr 000 0 spa d aDO-SdBNPbspacBNPHUerda 4bS127d2221 a Sáez , José Luis,d1937-9620eautor4aut.10aDr. Elías Rodríguez Ortíz, educador, diplomático y obispo (1800-1857). /13aConferencia Doctor Elías Rodríguez Ortíz, educador, diplomático y obispo (1800-1857). 1aSanto Domingo :bAmigo del Hogar,c1995. a31 páginasc21 cm. 2rdacontentatextobtxt 2rdamediaasin mediaciónbn 2rdacarrieravolumenbnc aIncluye referencias bibliográficas y notas al pie de las páginas. aInventariado, 2024/ YL aYLockward 2ddccLF2 00102ddc51708PD-FaBNPHUbBNPHUcCTd2011-04-11l0oBNPHU PD S127dp28578-10r2020-06-25w2020-06-25yLF2ZNo se presta 00102ddc51708PD-FaBNPHUbBNPHUcCTd2011-04-11eDonado por la Presidencia de la República Dominicanal0oBNPHU PD S127dp2024-4251r2024-07-08te. 2w2024-07-08yLF2zPerteneció a la biblioteca personal de Emilio Cordero Michel 00102ddc56708DSaBNPHUbBNPHUcCTd2024-09-27eDonado por la Presidencia de la República Dominicanal0oBNPHU DS S127dp2024-5465r2024-09-27te.3w2024-09-27yLF2zPerteneció a la biblioteca personal de Emilio Cordero Michel. c28070d28070